000 01037nam a2200289 c 4500
999 _c161590
_d161590
003 BLK
005 20220225132500.0
008 180410b bul|||||r ||||||| ||bul||
010 _aKNG00168914000
040 _aBLK
041 _aBUL
_cBUL
072 7 _2bullib
_aК
_xКраезнание
080 _aБългарска литература
_b821.163.2
_x-1
_z821.163.2-1
100 1 _aКънев, Николай Кънчев
_eпърви автор
_9267429
139 _aКънев, Николай Кънчев
_bК 96
245 1 0 _aПредупреждение за сън
_bСтихове
_cНиколай Кънчев Кънев.
257 _aBGR
260 _bГея
_c1992
_fРусе : Дунав Прес ООД
300 _a64 с.
_bс ил.
_c17 см
380 _aX
659 _aК
852 _aЦб І 26038
852 _aК 821.163.2/К 96 Н
856 4 _qpdf
856 4 _qpdf
942 _cKNG
_n0
_s1
944 _aCR
_c18.12.2014
_l18.12.2014 - от С1,Р / 18.12.2014
_kНора_Радева
944 _aED
_c18.12.2014
_l18.12.2014 - от С1,Р / 18.12.2014
999 _d161590